[Event "II Festival Panza A"]
[Site "Forio ITA"]
[Date "2010.07.17"]
[Round "1"]
[White "Brookes, Christopher"]
[Black "Manca, Federico"]
[Result "0-1"]
[WhiteElo "2023"]
[BlackElo "2356"]
[PlyCount "52"]
[EventDate "2010.07.17"]

1. e4 c5 2. Nf3 e6 3. b3 d5 4. exd5 exd5 5. Bb2 Nf6 6. Bb5+ Nc6 7. Qe2+ Be7 8.
Bxf6 gxf6 9. O-O Rg8 10. Re1 Kf8 11. Qe3 Bg4 12. Bxc6 bxc6 13. Nh4 Rg5 14. f4
Rg7 15. f5 d4 16. Qe4 Qc7 17. Na3 Bd6 18. Nb5 Bxh2+ 19. Kh1 Qb8 20. Qxc6 Bg3
21. Re4 a6 22. Qxc5+ Kg8 23. Nxd4 Bxh4 24. Nc6 Qg3 25. Rae1 Kh8 26. Qe3 Qxe1+
0-1

[Event "II Festival Panza A"]
[Site "Forio ITA"]
[Date "2010.07.17"]
[Round "1"]
[White "Lamagna, Mario"]
[Black "Scharrer, Patrick"]
[Result "0-1"]
[WhiteElo "2009"]
[BlackElo "2253"]
[PlyCount "56"]
[EventDate "2010.07.17"]

1. e4 g6 2. d4 Bg7 3. c4 d6 4. Nc3 e5 5. Nf3 Nc6 6. Be3 Bg4 7. d5 Nd4 8. h3
Bxf3 9. gxf3 a6 10. b4 c5 11. dxc6 bxc6 12. c5 dxc5 13. bxc5 Qa5 14. Rc1 Ne7
15. Bg2 O-O 16. O-O Rfd8 17. Re1 Rab8 18. Qa4 Qxa4 19. Nxa4 Rb4 20. Nb6 Rb2 21.
Kf1 Nc2 22. Bg5 Nxe1 23. Bxe7 Rdd2 24. Kxe1 Re2+ 25. Kf1 Rxf2+ 26. Kg1 Rxg2+
27. Kh1 Bh6 28. Rd1 Rh2+ 0-1

[Event "II Festival Panza A"]
[Site "Forio ITA"]
[Date "2010.07.17"]
[Round "1"]
[White "Caprio, Guido"]
[Black "Graziani, Sergio"]
[Result "1-0"]
[WhiteElo "2250"]
[BlackElo "1919"]
[PlyCount "111"]
[EventDate "2010.07.17"]

1. d4 Nf6 2. c4 e6 3. g3 d5 4. Nf3 c6 5. Bg2 Bd6 6. Qc2 Nbd7 7. O-O h6 8. Nbd2
O-O 9. e4 dxe4 10. Nxe4 Nxe4 11. Qxe4 Nf6 12. Qe2 c5 13. dxc5 Bxc5 14. b3 Qe7
15. Bb2 Rd8 16. Ne5 Bd4 17. Bxd4 Rxd4 18. Rad1 Rxd1 19. Rxd1 Rb8 20. Qd2 Kf8
21. Qa5 b6 22. Qa4 Qc7 23. Nc6 Bd7 24. Qb4+ Kg8 25. Nxb8 Qxb8 26. Qd6 Qxd6 27.
Rxd6 Kf8 28. b4 Ke7 29. c5 Ne8 30. Rd4 bxc5 31. bxc5 Nc7 32. Bb7 e5 33. Re4 Kf6
34. f4 exf4 35. Rxf4+ Ke7 36. c6 Be6 37. Ra4 Nb5 38. Ra5 Nc7 39. Rxa7 Kd6 40.
Kf2 h5 41. Ra3 Kc5 42. Ra5+ Kd6 43. a4 g6 44. Ke3 f6 45. Kd4 Bd5 46. Rb5 Nxb5+
47. axb5 g5 48. Ba8 Bf7 49. b6 f5 50. c7 Be6 51. Bb7 f4 52. gxf4 gxf4 53. h4 f3
54. Bxf3 Bc8 55. Bd5 Bd7 56. Ke4 1-0

[Event "II Festival Panza A"]
[Site "Forio ITA"]
[Date "2010.07.17"]
[Round "1"]
[White "Basso, Pier Luigi"]
[Black "Ochtman, Henk"]
[Result "0-1"]
[WhiteElo "1689"]
[BlackElo "2183"]
[PlyCount "98"]
[EventDate "2010.07.17"]

1. e4 e6 2. d4 d5 3. Nc3 Nf6 4. Bd3 dxe4 5. Nxe4 Be7 6. Ne2 Nc6 7. O-O e5 8.
Nxf6+ Bxf6 9. dxe5 Nxe5 10. Be4 O-O 11. c3 Qe7 12. Qc2 g6 13. Nf4 c6 14. Nd3
Be6 15. Be3 Nxd3 16. Bxd3 Rfd8 17. Rae1 Rd7 18. Bf4 Qf8 19. b3 Qg7 20. c4 Rad8
21. Rd1 h5 22. Be2 Bf5 23. Qc1 Bb2 24. Rxd7 Rxd7 25. Qe3 Bd4 26. Qe8+ Qf8 27.
Qxf8+ Kxf8 28. Re1 f6 29. Kf1 g5 30. Bb8 g4 31. Bf4 Kf7 32. b4 Bc3 33. Rc1 Bxb4
34. c5 Bd2 35. Rc4 Bxf4 36. Rxf4 Ke6 37. Rb4 Kd5 38. Rf4 Ke5 39. Rb4 Rd2 40.
Bc4 Rc2 41. Bf7 Bd3+ 42. Ke1 Re2+ 43. Kd1 Rxf2 44. Rxb7 Rxg2 45. Bxh5 Kf4 46.
Be8 Rxh2 47. Bxc6 Rxa2 48. Bd5 Ra5 49. Rb4+ Ke3 0-1

[Event "II Festival Panza A"]
[Site "Forio ITA"]
[Date "2010.07.17"]
[Round "2"]
[White "Epishin, Vladimir V."]
[Black "Lazarev, Vladimir"]
[Result "1-0"]
[WhiteElo "2598"]
[BlackElo "2444"]
[PlyCount "81"]
[EventDate "2010.07.17"]

1. d4 Nf6 2. Nf3 d5 3. c4 e6 4. Bg5 Bb4+ 5. Nbd2 h6 6. Bxf6 Qxf6 7. Rc1 c6 8.
g3 O-O 9. Bg2 Nd7 10. O-O Qd8 11. a3 Be7 12. e4 dxe4 13. Nxe4 Nf6 14. Nc3 c5
15. dxc5 Bxc5 16. b4 Be7 17. c5 Qc7 18. Qe2 Rd8 19. Ne5 a6 20. Rfd1 Bd7 21.
Nxd7 Rxd7 22. Rxd7 Qxd7 23. Rd1 Qc7 24. Na4 Rb8 25. Nb6 h5 26. Bf3 g6 27. Kg2
Kg7 28. Nc4 h4 29. a4 hxg3 30. hxg3 g5 31. a5 g4 32. Bxg4 Nd5 33. Rxd5 exd5 34.
Ne3 Rd8 35. Nf5+ Kf6 36. Qf3 Bf8 37. Bh5 Kg5 38. Nd4 Qe5 39. Qxf7 Qe4+ 40. Nf3+
Kh6 41. Qf6+ 1-0

[Event "II Festival Panza A"]
[Site "Forio ITA"]
[Date "2010.07.17"]
[Round "2"]
[White "Manca, Federico"]
[Black "Ortega, Lexy"]
[Result "1-0"]
[WhiteElo "2356"]
[BlackElo "2488"]
[PlyCount "93"]
[EventDate "2010.07.17"]

1. e4 e5 2. Nf3 Nc6 3. Bb5 Nf6 4. O-O Nxe4 5. d4 a6 6. Ba4 b5 7. Bb3 d5 8. dxe5
Be6 9. Nbd2 Nc5 10. c3 Bg4 11. Bc2 Ne6 12. Re1 Bc5 13. Nf1 Bh5 14. Ng3 Bg6 15.
Nf5 O-O 16. b4 Bb6 17. a4 Rb8 18. Be3 Bxf5 19. Bxf5 d4 20. cxd4 Ncxd4 21. Be4
Nxf3+ 22. Qxf3 Bxe3 23. Qxe3 Qe7 24. Qc3 Rfd8 25. axb5 axb5 26. Ra7 g6 27. Bd3
Rd4 28. Rb1 Qg5 29. Re1 Qf4 30. g3 Qf3 31. Re3 Qd5 32. h4 c5 33. Bc2 cxb4 34.
Qa1 Nc5 35. e6 fxe6 36. Rf3 Rf8 37. Rxf8+ Kxf8 38. Rxh7 Na4 39. Qc1 g5 40. Bxa4
Rc4 41. Qa1 Qd4 42. Qxd4 Rxd4 43. Bb3 Rd3 44. Bxe6 b3 45. Bxb3 gxh4 46. Be6
hxg3 47. f4 1-0

[Event "II Festival Panza A"]
[Site "Forio ITA"]
[Date "2010.07.17"]
[Round "2"]
[White "Meijers, Viesturs"]
[Black "Safranska, Anda"]
[Result "1-0"]
[WhiteElo "2474"]
[BlackElo "2288"]
[PlyCount "125"]
[EventDate "2010.07.17"]

1. b3 e5 2. Bb2 Nc6 3. c4 g6 4. Nf3 Bg7 5. e3 d6 6. Nc3 f5 7. d4 e4 8. Nd2 Nf6
9. a3 a5 10. Qc2 O-O 11. h4 Bd7 12. g3 Be8 13. Ne2 Bf7 14. Nf4 Qe7 15. Be2 Rfe8
16. Bc3 h6 17. Qb2 g5 18. hxg5 hxg5 19. Nh5 Nxh5 20. Bxh5 g4 21. b4 Bxh5 22.
Rxh5 Qf7 23. Rh1 axb4 24. axb4 d5 25. b5 Rxa1+ 26. Qxa1 Nd8 27. Ke2 Qd7 28. Qa4
Ne6 29. cxd5 Qxd5 30. Ra1 Rd8 31. Qc4 Qxc4+ 32. Nxc4 b6 33. Ra7 Rd5 34. Na3 Bf8
35. Kd2 Bxa3 36. Rxa3 Rxb5 37. Kc2 Kf7 38. Ra8 Rd5 39. Kb3 Rd8 40. Ra7 Rd7 41.
Kc4 Ng7 42. Ra8 Ne8 43. Kb5 Nf6 44. Kc6 Ke6 45. Bb4 Rh7 46. Ba3 Rh2 47. d5+ Kf7
48. Rf8+ Kg7 49. Rc8 Rxf2 50. Rxc7+ Kg6 51. d6 Rg2 52. Re7 Rc2+ 53. Kb7 b5 54.
d7 Nxd7 55. Rxd7 Rc3 56. Bd6 Rxe3 57. Bf4 Rf3 58. Rd6+ Kg7 59. Kc6 b4 60. Kc5
b3 61. Kc4 e3 62. Kd3 Rf1 63. Rb6 1-0

[Event "II Festival Panza A"]
[Site "Forio ITA"]
[Date "2010.07.17"]
[Round "2"]
[White "Scharrer, Patrick"]
[Black "Naumkin, Igor"]
[Result "1-0"]
[WhiteElo "2253"]
[BlackElo "2466"]
[PlyCount "43"]
[EventDate "2010.07.17"]

1. e4 e5 2. Nf3 Nc6 3. Bc4 Bc5 4. O-O Nf6 5. d4 Bxd4 6. Nxd4 Nxd4 7. f4 d6 8.
fxe5 dxe5 9. Bg5 Be6 10. Na3 Bxc4 11. Nxc4 Qe7 12. Bxf6 gxf6 13. c3 Ne6 14. b4
Rd8 15. Qa4+ c6 16. Qxa7 O-O 17. Qf2 Rd3 18. Ne3 Kh8 19. Rad1 Rxc3 20. Nf5 Qxb4
21. Qh4 Ng5 22. Qh6 1-0

[Event "II Festival Panza A"]
[Site "Forio ITA"]
[Date "2010.07.17"]
[Round "2"]
[White "Gaponenko, Inna"]
[Black "Caprio, Guido"]
[Result "1-0"]
[WhiteElo "2465"]
[BlackElo "2250"]
[PlyCount "83"]
[EventDate "2010.07.17"]

1. e4 c5 2. Nf3 d6 3. d4 cxd4 4. Nxd4 Nf6 5. Nc3 a6 6. Be3 e5 7. Nb3 Be6 8. Qd2
Nbd7 9. O-O-O b5 10. f4 Rc8 11. f5 Bc4 12. Kb1 Be7 13. g4 h6 14. Qg2 Nb6 15. h4
Bxf1 16. Rhxf1 Rxc3 17. Bxb6 Qxb6 18. bxc3 Qc6 19. Rfe1 Qxc3 20. Qe2 Qg3 21. g5
hxg5 22. hxg5 Qxg5 23. c4 Rh4 24. Qc2 bxc4 25. Na5 g6 26. Nxc4 Kf8 27. fxg6
Qxg6 28. Nxd6 Bxd6 29. Rxd6 Rxe4 30. Rxe4 Qxe4 31. Rxf6 Qe1+ 32. Kb2 Qb4+ 33.
Qb3 Qd2+ 34. Kb1 Qe1+ 35. Kc2 Qe4+ 36. Kb2 Qd4+ 37. Ka3 Qc5+ 38. Qb4 Qe7 39.
Rxa6 f6 40. Rxf6+ Kg7 41. Qxe7+ Kg8 42. Rf8# 1-0

[Event "II Festival Panza A"]
[Site "Forio ITA"]
[Date "2010.07.17"]
[Round "2"]
[White "Ochtman, Henk"]
[Black "Rotstein, Arkadij"]
[Result "0-1"]
[WhiteElo "2183"]
[BlackElo "2527"]
[PlyCount "78"]
[EventDate "2010.07.17"]

1. c4 e6 2. d4 Nf6 3. Nc3 Bb4 4. a3 Bxc3+ 5. bxc3 b6 6. f3 Nc6 7. e4 Ba6 8. Bg5
h6 9. Bh4 Na5 10. f4 g5 11. fxg5 Nxe4 12. Qh5 Nxg5 13. Nh3 Qf6 14. c5 Bb7 15.
Nxg5 hxg5 16. Qxg5 Qxg5 17. Bxg5 bxc5 18. Rb1 Be4 19. Rb5 Nb7 20. h4 cxd4 21.
cxd4 Nd6 22. Rb2 f5 23. Rh3 Kf7 24. Rhb3 Bd5 25. Rc3 c6 26. Bd3 Be4 27. Bf4 Nb5
28. Bxb5 cxb5 29. g3 a6 30. Rc7 Bc6 31. Rc2 Kg6 32. Kd2 a5 33. Kc3 Ra6 34. Kb2
b4 35. axb4 axb4 36. Bd2 Rb8 37. Rc1 b3 38. Bc3 Ra2+ 39. Kb1 Be4+ 0-1

[Event "II Festival Panza A"]
[Site "Forio ITA"]
[Date "2010.07.17"]
[Round "2"]
[White "Magaldi, Giuseppe"]
[Black "Looijmans, Karel"]
[Result "0-1"]
[WhiteElo "1458"]
[BlackElo "2104"]
[PlyCount "48"]
[EventDate "2010.07.17"]

1. e4 c5 2. Bc4 e6 3. d4 cxd4 4. Nf3 Qc7 5. Qxd4 Nc6 6. Qc3 Bb4 7. Bd2 Bxc3 8.
Bxc3 Nf6 9. Nbd2 O-O 10. O-O-O a6 11. h4 Ng4 12. Rdf1 b5 13. Bd3 Nge5 14. Ng5
Nxd3+ 15. cxd3 b4 16. Bxg7 Kxg7 17. h5 Nd4+ 18. Nc4 Qf4+ 19. Ne3 Qxg5 20. h6+
Kh8 21. g3 Bb7 22. Kb1 f5 23. Rh4 fxe4 24. dxe4 Qxe3 0-1

[Event "II Festival Panza A"]
[Site "Forio ITA"]
[Date "2010.07.17"]
[Round "2"]
[White "Hamperl, Fred"]
[Black "Brookes, Christopher"]
[Result "1-0"]
[WhiteElo "2084"]
[BlackElo "2023"]
[PlyCount "51"]
[EventDate "2010.07.17"]

1. e4 c5 2. Nc3 Nc6 3. Bb5 Nd4 4. Bc4 g6 5. Nf3 Bg7 6. Nxd4 cxd4 7. Qf3 Nf6 8.
Nb5 O-O 9. Nxd4 d5 10. exd5 e5 11. Ne2 Bg4 12. Qb3 Rc8 13. Nc3 a6 14. a4 Rc5
15. d3 b5 16. Qb4 Rc8 17. axb5 axb5 18. Bb3 Re8 19. O-O Bf8 20. Qxb5 Bd7 21.
Qa5 Qe7 22. Bg5 Ra8 23. Qb6 Nxd5 24. Nxd5 Qxg5 25. Nf6+ Kg7 26. Nxe8+ 1-0

[Event "II Festival Panza A"]
[Site "Forio ITA"]
[Date "2010.07.17"]
[Round "2"]
[White "Andreoli, Mark"]
[Black "De Rosa, Mariagrazia"]
[Result "1/2-1/2"]
[WhiteElo "2013"]
[BlackElo "2073"]
[PlyCount "106"]
[EventDate "2010.07.17"]

1. e4 c5 2. d4 cxd4 3. c3 dxc3 4. Nxc3 Nc6 5. Nf3 e6 6. Bc4 a6 7. O-O b5 8. Bb3
Na5 9. Bf4 Nxb3 10. Qxb3 Bb7 11. Rfd1 Nf6 12. Nd5 exd5 13. exd5 d6 14. Re1+ Be7
15. Nd4 Qd7 16. Nc6 Nxd5 17. Qxd5 Qxc6 18. Qxc6+ Bxc6 19. Bxd6 O-O 20. Bxe7
Rfe8 21. Bc5 f6 22. f3 Kf7 23. Kf2 Rac8 24. Rxe8 Rxe8 25. b4 Bd5 26. a4 bxa4
27. Rxa4 Bc4 28. Ra3 Re2+ 29. Kg3 Rb2 30. Ra1 g5 31. Rc1 Bb5 32. Re1 h5 33. h3
Bc4 34. Rc1 Bd5 35. Rf1 Rc2 36. Rf2 Rc1 37. Rd2 Ke6 38. Kf2 a5 39. Be3 Ra1 40.
bxa5 Rxa5 41. g4 h4 42. f4 gxf4 43. Bxf4 Ra3 44. Re2+ Kf7 45. Be3 Bc4 46. Rd2
Ra1 47. g5 Rf1+ 48. Kg2 Rf5 49. gxf6 Rxf6 50. Rf2 Bd5+ 51. Kh2 Rxf2+ 52. Bxf2
Be6 53. Bxh4 Bxh3 1/2-1/2

[Event "II Festival Panza A"]
[Site "Forio ITA"]
[Date "2010.07.17"]
[Round "2"]
[White "Taglialatela, Massimiliano"]
[Black "Lamagna, Mario"]
[Result "0-1"]
[WhiteElo "2047"]
[BlackElo "2009"]
[PlyCount "162"]
[EventDate "2010.07.17"]

1. e4 e5 2. Nf3 Nc6 3. Bb5 Nf6 4. O-O d6 5. Re1 Bd7 6. d4 exd4 7. Nxd4 Nxd4 8.
Bxd7+ Qxd7 9. Qxd4 Be7 10. Bg5 Qg4 11. Bd2 O-O 12. Nc3 c6 13. h3 Qe6 14. Rad1
Rfd8 15. Bf4 Ne8 16. Qb4 Rd7 17. Qd4 Rdd8 18. Qe3 Bf6 19. e5 dxe5 20. Rxd8 Bxd8
21. Bxe5 f6 22. Bd4 Qxe3 23. Bxe3 Kf7 24. Rd1 Ke6 25. Bxa7 Ba5 26. Re1+ Kd7 27.
Bd4 Bxc3 28. Bxc3 Rxa2 29. Re4 Nc7 30. Rg4 Ne6 31. Kf1 Ra1+ 32. Ke2 Rc1 33. Kd2
Rf1 34. Ke3 Rc1 35. Kd3 Rf1 36. f3 Rd1+ 37. Bd2 f5 38. Rb4 Kc7 39. g4 c5 40.
Ra4 Nd4 41. gxf5 Nxf5 42. Rf4 g6 43. Rc4 Kd6 44. b4 b6 45. bxc5+ bxc5 46. Ke2
Rh1 47. Be3 Nxe3 48. Kxe3 Rxh3 49. Ra4 Rh2 50. Ra7 Kd5 51. c3 Kc4 52. Rc7 Rh5
53. Kd2 Rd5+ 54. Kc2 h5 55. Re7 Rg5 56. Re4+ Kb5 57. Kd3 Rg3 58. Ke3 g5 59. Kf2
Rh3 60. Kg2 g4 61. c4+ Kb4 62. fxg4 hxg4 63. Rxg4 Rc3 64. Kf2 Rxc4 65. Rg8 Re4
66. Rb8+ Kc3 67. Rb7 c4 68. Rb8 Kd3 69. Rb7 c3 70. Rd7+ Kc2 71. Kf3 Re6 72. Rd8
Kb1 73. Rb8+ Kc1 74. Rb7 c2 75. Rb8 Re5 76. Rb7 Re1 77. Kf2 Re4 78. Kf3 Rd4 79.
Ke2 Rd2+ 80. Ke3 Kd1 81. Rh7 c1=Q 0-1

[Event "II Festival Panza A"]
[Site "Forio ITA"]
[Date "2010.07.17"]
[Round "2"]
[White "Graziani, Sergio"]
[Black "Heikkila, Antti"]
[Result "1-0"]
[WhiteElo "1919"]
[BlackElo "2045"]
[PlyCount "63"]
[EventDate "2010.07.17"]

1. d4 c5 2. d5 g6 3. c4 d6 4. Nf3 Bg7 5. Nc3 Nf6 6. e4 O-O 7. Be2 Bg4 8. Nd2
Bxe2 9. Qxe2 e6 10. O-O exd5 11. cxd5 Re8 12. f4 Nbd7 13. Qf3 a6 14. a4 Rc8 15.
a5 Nh5 16. Nc4 Bd4+ 17. Kh1 Qf6 18. Bd2 Rb8 19. g4 Ng7 20. Na4 h5 21. g5 Qe7
22. Rac1 f6 23. gxf6 Qxf6 24. b4 Rf8 25. Qd3 Ne8 26. bxc5 dxc5 27. e5 Qf5 28.
Qxf5 Rxf5 29. d6 Rd8 30. e6 Ndf6 31. e7 Rd7 32. Nab6 1-0

[Event "II Festival Panza A"]
[Site "Forio ITA"]
[Date "2010.07.18"]
[Round "3"]
[White "Gaponenko, Inna"]
[Black "Epishin, Vladimir V."]
[Result "1/2-1/2"]
[WhiteElo "2465"]
[BlackElo "2598"]
[PlyCount "62"]
[EventDate "2010.07.17"]

1. e4 c5 2. c3 e6 3. d4 d5 4. e5 Nc6 5. Nf3 Bd7 6. Be2 Rc8 7. O-O a6 8. b3 cxd4
9. cxd4 Nge7 10. Na3 Ng6 11. Nc2 Be7 12. Nfe1 f6 13. f4 O-O 14. g3 Qb6 15. Be3
fxe5 16. fxe5 Nb4 17. Rxf8+ Bxf8 18. Nxb4 Bxb4 19. Nf3 h6 20. Rc1 Qd8 21. Rxc8
Qxc8 22. Qc1 Ne7 23. Qxc8+ Nxc8 24. Bd2 Be7 25. Ne1 Na7 26. Ba5 Kf7 27. Kf2 Bb5
28. Bb6 Bxe2 29. Bxa7 Bg4 30. Nd3 Bf5 31. Nc5 Bxc5 1/2-1/2

[Event "II Festival Panza A"]
[Site "Forio ITA"]
[Date "2010.07.18"]
[Round "3"]
[White "Manca, Federico"]
[Black "Meijers, Viesturs"]
[Result "1-0"]
[WhiteElo "2356"]
[BlackElo "2474"]
[PlyCount "51"]
[EventDate "2010.07.17"]

1. e4 c5 2. c3 d5 3. exd5 Qxd5 4. d4 Nf6 5. Nf3 e6 6. Be3 cxd4 7. cxd4 Be7 8.
Nc3 Qd8 9. Bd3 O-O 10. O-O b6 11. Qe2 Bb7 12. Rad1 Nd5 13. Bc1 Nd7 14. Rfe1 Rc8
15. Ne4 h6 16. a3 Qc7 17. Bb1 Rfd8 18. Ng3 Qc4 19. Qe4 N7f6 20. Qh4 Ne8 21. Qh3
Ndf6 22. Ne5 Qd5 23. Ne2 Qd6 24. Nf4 Rxc1 25. Rxc1 Qxd4 26. Nxe6 1-0

[Event "II Festival Panza A"]
[Site "Forio ITA"]
[Date "2010.07.18"]
[Round "3"]
[White "Rotstein, Arkadij"]
[Black "Scharrer, Patrick"]
[Result "1-0"]
[WhiteElo "2527"]
[BlackElo "2253"]
[PlyCount "147"]
[EventDate "2010.07.17"]

1. c4 g6 2. g3 Bg7 3. Bg2 d6 4. Nc3 e5 5. e4 Nc6 6. Nge2 Nge7 7. d3 O-O 8. O-O
f5 9. Nd5 Be6 10. Bg5 h6 11. exf5 gxf5 12. Be3 Ng6 13. f4 Nd4 14. Ndc3 c6 15.
Qd2 Kh7 16. Rae1 Qd7 17. Kh1 Rae8 18. Bg1 Bg8 19. b4 a6 20. a4 Ne6 21. Be3 exf4
22. Nxf4 Nexf4 23. Bxf4 Nxf4 24. Rxe8 Rxe8 25. Rxf4 Qe7 26. Rf1 Qe5 27. Nd1 Qe2
28. Qxe2 Rxe2 29. Rxf5 Rd2 30. Be4 Kh8 31. Ne3 Re2 32. Rf3 Re1+ 33. Kg2 Re2+
34. Kf1 Rxh2 35. Ng2 Rh1+ 36. Ke2 d5 37. cxd5 cxd5 38. Bf5 Rh2 39. Rf2 Bd4 40.
Ne3 Rh1 41. Rf4 Be5 42. Rh4 Rxh4 43. gxh4 Bc3 44. b5 axb5 45. axb5 Bf6 46. h5
Bf7 47. Bg4 Be8 48. Nxd5 Bd4 49. Nc7 Bf7 50. Kf3 Be5 51. Na8 Bd5+ 52. Ke3 Kg7
53. Nb6 Bg2 54. Nc4 Bh2 55. Bf3 Bg1+ 56. Ke2 Bxf3+ 57. Kxf3 Kf6 58. Ke4 Kg5 59.
Ne5 Bb6 60. Nf3+ Kxh5 61. Kf5 Bc7 62. d4 b6 63. d5 Bb8 64. Ne5 Kh4 65. Ke6 Kg3
66. d6 h5 67. Ng6 Kf3 68. Kd5 Ke3 69. Kc6 Bxd6 70. Kxd6 Ke4 71. Kc6 Kf5 72.
Nh4+ Kg4 73. Kxb6 Kxh4 74. Kc5 1-0

[Event "II Festival Panza A"]
[Site "Forio ITA"]
[Date "2010.07.18"]
[Round "3"]
[White "Ortega, Lexy"]
[Black "Ochtman, Henk"]
[Result "1/2-1/2"]
[WhiteElo "2488"]
[BlackElo "2183"]
[PlyCount "168"]
[EventDate "2010.07.17"]

1. d4 f5 2. Nc3 Nf6 3. Bg5 d5 4. Bxf6 exf6 5. e3 Be6 6. Qf3 Qd7 7. Bb5 Nc6 8.
Nge2 g5 9. Nc1 a6 10. Ba4 b5 11. Bb3 Rd8 12. Nd3 Nb4 13. a3 Nxd3+ 14. cxd3 c6
15. h4 g4 16. Qd1 f4 17. exf4 Bd6 18. g3 h5 19. Qd2 Bf5 20. O-O Kf7 21. Ne4 Kg7
22. Nxd6 Qxd6 23. Rfe1 Rhe8 24. Re3 Re6 25. Bd1 Rde8 26. Be2 a5 27. b3 Qc7 28.
Rc1 Kf7 29. Rc5 Qa7 30. Qc1 Qa6 31. Bf1 R8e7 32. Be2 Qa8 33. Bf1 Qe8 34. Rxe6
Rxe6 35. Qd2 Kg6 36. Qxa5 Re1 37. Qd2 Ra1 38. Rc1 Rxa3 39. Qb4 Ra8 40. Qd6 Rc8
41. b4 Bd7 42. Ra1 Qe6 43. f5+ Kxf5 44. Qf4+ Kg6 45. Ra7 Re8 46. Qc7 Re7 47.
Qd8 Qf7 48. Bg2 f5 49. Qc7 f4 50. Qd6+ Kg7 51. gxf4 Qe8 52. f5 Rf7 53. Qg6+ Kf8
54. Qxh5 Rxf5 55. Qh8+ Ke7 56. Qg7+ Kd6 57. Qh6+ Qe6 58. Qc1 Qe2 59. Qh6+ Be6
60. Qe3 Qxe3 61. fxe3 Rh5 62. e4 Bd7 63. Kf2 Rxh4 64. Kg3 Rh7 65. Bf1 Rh1 66.
Be2 dxe4 67. dxe4 Be6 68. Rg7 Rb1 69. Rg6 Ke7 70. Kf4 Rxb4 71. Ke5 Bf7 72. Rxg4
Rb2 73. Bd3 Rh2 74. Rg5 Rh3 75. Bb1 b4 76. d5 cxd5 77. exd5 Re3+ 78. Be4 b3 79.
d6+ Kd8 80. Rg2 Be8 81. d7 Bxd7 82. Rd2 Kc7 83. Kd4 Rg3 84. Rd3 Rxd3+ 1/2-1/2

[Event "II Festival Panza A"]
[Site "Forio ITA"]
[Date "2010.07.18"]
[Round "3"]
[White "Naumkin, Igor"]
[Black "Hamperl, Fred"]
[Result "1-0"]
[WhiteElo "2466"]
[BlackElo "2084"]
[PlyCount "81"]
[EventDate "2010.07.17"]

1. d4 Nf6 2. c4 c5 3. d5 e6 4. Nc3 exd5 5. cxd5 d6 6. e4 g6 7. Nf3 a6 8. a4 Bg4
9. Be2 Bxf3 10. Bxf3 Bg7 11. O-O O-O 12. Bg5 Nbd7 13. Qd2 Qc7 14. Rae1 c4 15.
Qf4 Rab8 16. Qh4 b5 17. Bd1 Rfe8 18. Bc2 h5 19. h3 b4 20. Nd1 Nh7 21. Bc1 Bf6
22. Qg3 h4 23. Qh2 Nc5 24. f4 Nd3 25. Bxd3 cxd3 26. Nf2 Bd4 27. Be3 Qb6 28.
Bxd4 Qxd4 29. f5 d2 30. Rd1 g5 31. Qxd6 Nf6 32. Rxd2 Qxd2 33. Qxf6 Qe3 34. Qh6
f6 35. Qg6+ Kf8 36. Qxf6+ Kg8 37. d6 Rxe4 38. Qg6+ Kf8 39. f6 Rd4 40. Qg7+ Ke8
41. f7+ 1-0

[Event "II Festival Panza A"]
[Site "Forio ITA"]
[Date "2010.07.18"]
[Round "3"]
[White "Lazarev, Vladimir"]
[Black "Graziani, Sergio"]
[Result "1-0"]
[WhiteElo "2444"]
[BlackElo "1919"]
[PlyCount "71"]
[EventDate "2010.07.17"]

1. c4 e5 2. g3 Nc6 3. Bg2 Bc5 4. Nc3 Nf6 5. d3 d6 6. a3 h6 7. e3 O-O 8. b4 Bb6
9. Nge2 a6 10. O-O Ne7 11. h3 c6 12. Kh2 d5 13. cxd5 Nexd5 14. Na4 Bc7 15. Bb2
Qe7 16. Qc2 Re8 17. e4 Nb6 18. Nc5 Nbd7 19. Nb3 Nf8 20. Rae1 Ng6 21. Kh1 Be6
22. Nc5 Bd6 23. Nxe6 Qxe6 24. d4 Nd7 25. f4 exf4 26. gxf4 Nh4 27. f5 Qe7 28. e5
Nxg2 29. Kxg2 Qg5+ 30. Ng3 Bc7 31. Re4 h5 32. Bc1 Qd8 33. Nxh5 Nb6 34. Rg4 Qd5+
35. Rf3 Kf8 36. Nxg7 1-0

[Event "II Festival Panza A"]
[Site "Forio ITA"]
[Date "2010.07.18"]
[Round "3"]
[White "Safranska, Anda"]
[Black "Looijmans, Karel"]
[Result "1-0"]
[WhiteElo "2288"]
[BlackElo "2104"]
[PlyCount "113"]
[EventDate "2010.07.17"]

1. Nf3 d5 2. g3 c6 3. Bg2 Nf6 4. O-O Bf5 5. d3 e6 6. Nbd2 h6 7. b3 Nbd7 8. Bb2
Bd6 9. e4 Bg4 10. h3 Bxf3 11. Qxf3 O-O 12. Qe2 dxe4 13. dxe4 Bb4 14. a3 Bxd2
15. Qxd2 e5 16. Rad1 Qe7 17. Qe3 Rfe8 18. Rd2 a5 19. Rfd1 a4 20. b4 c5 21. Bc3
Rac8 22. Bf1 c4 23. h4 Ng4 24. Qe2 Ngf6 25. Bh3 Rc7 26. Rd6 b5 27. f3 Rb7 28.
Be1 Nf8 29. Bf2 Ne6 30. Bxe6 fxe6 31. Bc5 Qf7 32. Kg2 Nh5 33. Qf2 Qg6 34. Ra6
Qf7 35. Rdd6 Kh7 36. Be3 Rd7 37. Rab6 Red8 38. Bc5 Qg6 39. Kh2 Rxd6 40. Bxd6 c3
41. Kh3 Qf6 42. Qe3 g5 43. Qxc3 g4+ 44. Kg2 gxf3+ 45. Qxf3 Qxf3+ 46. Kxf3 Rc8
47. Rb7+ Kg6 48. Bc5 Rd8 49. g4 Ng7 50. h5+ Kh7 51. Ke2 Rg8 52. Rxb5 Ne8 53.
Rb7+ Kh8 54. Rb8 Kg7 55. b5 Kf7 56. b6 Rxg4 57. Rxe8 1-0

[Event "II Festival Panza A"]
[Site "Forio ITA"]
[Date "2010.07.18"]
[Round "3"]
[White "Caprio, Guido"]
[Black "Lamagna, Mario"]
[Result "1-0"]
[WhiteElo "2250"]
[BlackElo "2009"]
[PlyCount "51"]
[EventDate "2010.07.17"]

1. Nf3 Nf6 2. d4 g6 3. c4 Bg7 4. Nc3 O-O 5. e4 d6 6. Be2 e5 7. O-O Nbd7 8. Be3
c6 9. d5 cxd5 10. cxd5 Ng4 11. Bg5 f6 12. Bh4 Qb6 13. Nd2 f5 14. Nc4 Qc5 15.
Be7 Rf6 16. Rc1 Nb6 17. Nxd6 Rxd6 18. Nb5 Rxd5 19. Bxc5 Rxd1 20. Rfxd1 Bd7 21.
Nxa7 Na4 22. Rxd7 Nxc5 23. Rxc5 Bf8 24. Bc4+ Kh8 25. Rcc7 Nf6 26. Rf7 1-0

[Event "II Festival Panza A"]
[Site "Forio ITA"]
[Date "2010.07.18"]
[Round "3"]
[White "De Rosa, Mariagrazia"]
[Black "Pegoraro, Nicola"]
[Result "0-1"]
[WhiteElo "2073"]
[BlackElo "2036"]
[PlyCount "98"]
[EventDate "2010.07.17"]

1. e4 c5 2. Nf3 d6 3. d4 cxd4 4. Nxd4 Nf6 5. Nc3 a6 6. Be2 e5 7. Nb3 Be7 8. O-O
O-O 9. f4 b5 10. a4 b4 11. Nd5 Nxd5 12. exd5 Bb7 13. a5 Nd7 14. Ra4 Nf6 15. Bc4
Rc8 16. Rxb4 Rxc4 17. Rxc4 Bxd5 18. Ra4 Qa8 19. Qe2 Qc6 20. Rb4 Rc8 21. fxe5
dxe5 22. Rb6 Qxc2 23. Qxc2 Rxc2 24. Rb8+ Bf8 25. Nd2 g5 26. Nf3 h6 27. Be3 Kg7
28. Rf2 Rc4 29. Rd8 Be7 30. Rxd5 Nxd5 31. Nxe5 Nxe3 32. Rxf7+ Kg8 33. Nxc4 Kxf7
34. Nxe3 Bb4 35. Nc4 Ke6 36. Kf2 Kd5 37. b3 Kd4 38. Kf3 Kc3 39. Ne5 Bxa5 40.
Nf7 Kxb3 41. Nxh6 Bc7 42. Nf7 a5 43. Nxg5 a4 44. Ne4 a3 45. Nc5+ Kc2 46. Ne6
Be5 47. Ke4 Bc3 48. g4 a2 49. g5 a1=Q 0-1

[Event "II Festival Panza A"]
[Site "Forio ITA"]
[Date "2010.07.18"]
[Round "3"]
[White "Basso, Pier Luigi"]
[Black "Andreoli, Mark"]
[Result "0-1"]
[WhiteElo "1689"]
[BlackElo "2013"]
[PlyCount "64"]
[EventDate "2010.07.17"]

1. e4 c5 2. Nf3 d6 3. d4 cxd4 4. Nxd4 Nf6 5. Nc3 g6 6. f4 Nbd7 7. Bb5 a6 8. Ba4
b5 9. Bb3 Qc7 10. Nd5 Nxd5 11. Bxd5 Bb7 12. O-O Bg7 13. Be3 O-O 14. f5 Nf6 15.
fxg6 hxg6 16. h4 Bxd5 17. exd5 Nxd5 18. Nf5 Nxe3 19. Nxe3 Qc5 20. Rf3 Bxb2 21.
Rb1 Bd4 22. Rb3 Rac8 23. Qe1 Qxc2 24. Qg3 Qxa2 25. Rb4 Rc1+ 26. Kh2 Be5 27.
Rbf4 Qa1 28. Kh3 Bxf4 29. Qxf4 Qe5 30. Qh6 Rh1+ 31. Kg4 f5+ 32. Kg5 Qf6+ 0-1

[Event "II Festival Panza A"]
[Site "Forio ITA"]
[Date "2010.07.18"]
[Round "3"]
[White "Heikkila, Antti"]
[Black "Magaldi, Giuseppe"]
[Result "1-0"]
[WhiteElo "2045"]
[BlackElo "1458"]
[PlyCount "36"]
[EventDate "2010.07.17"]

1. e4 e5 2. Nc3 Nc6 3. g3 d6 4. Bg2 Be6 5. Nf3 h6 6. O-O Qd7 7. d4 d5 8. exd5
Nxd4 9. Nxe5 Qd6 10. Qxd4 Bf5 11. Nb5 Qe7 12. Re1 Qb4 13. Qxb4 Bxb4 14. c3 Ne7
15. Nxc7+ Kd8 16. Nxa8 Bc5 17. Nxf7+ Kc8 18. Nxh8 Kd8 1-0